Tilastot visalle Yleistieto #77

Klikkaa tästä pelataksesi tätä visaa!

Yleistilastot

  • Tätä visaa on pelattu 285 kertaa
  • Keskiarvotulos 6 / 15

Vastaustilastot

VinkkiVastaus% Oikein
MInkä kaupungin kaupunginosia ovat Shoreditch, Whitechapel ja Chelsea?Lontoon
79%
Minkä maalainen yritys Siemens on ?Saksalainen
66%
MInkälaista juustoa Aura-juusto on?Sinihomejuustoa
65%
MIlle maalle Shetlandinsaaret kuuluvat?Iso-Britannialle
59%
Kuka esitti pääosan vuoden 2018 elokuvassa ''A Star Is Born''?Lady Gaga
58%
Missä on hiihtokeskus Himos?Jämsässä
54%
MInkämaalainen on elokuvaohjaaja Lars von Trier?Tanskalainen
43%
MIkä on Etelä-Amerikan suurin kaupunki?Sao Paulo
40%
Mihin kaupunkiin kuuluu kyläkaupastaan tunnettu Tuuri?Alavuteen
36%
MInkä yhtyeen albumi on ''Kerjäläisten valtakunta''?Dingo
33%
MInkä maan entinen nimi on Kultarannikko?Ghanan
32%
Kuka kirjoitti ''Helkavirsiä''?Eino Leino
23%
Minkä bändin laulaja on Alexi Laiho?Children of Bodomin
22%
Mikä, Ruotsin kolmanneksi suurin järvi on Tukholman länsipuolella ?Mälaren
15%
Mikä joki virtaa Krakovan läpi?Veiksel
13%

Tulosjakauma

Persentiili vastausten määrän mukaan

Jokaisen tuloksen saaneiden osuus

Tuloshistoriasi

Et ole pelannut tätä visaa